000 01438nam a2200325Ia 4500
001 ebr10380742
003 CaPaEBR
006 m u
007 cr cn|||||||||
008 060915s2006 dcu sb i000 0 eng d
040 _aCaPaEBR
_cCaPaEBR
035 _a(OCoLC)698585610
050 1 4 _aHF1430
_b.S76 2006eb
100 1 _aSrour, Gabriel,
_d1958-
245 1 4 _aThe implications of trade barriers for sectoral diversification and macroeconomic stability in developing economies
_h[electronic resource] /
_cprepared by Gabriel Srour.
260 _a[Washington, D.C.] :
_bInternational Monetary Fund, IMF Institute,
_c2006.
300 _a24 p.
490 1 _aIMF working paper ;
_vWP/06/50
500 _a"February 2006".
504 _aIncludes bibliographical references.
533 _aElectronic reproduction.
_bPalo Alto, Calif. :
_cebrary,
_d2011.
_nAvailable via World Wide Web.
_nAccess may be limited to ebrary affiliated libraries.
650 0 _aNon-tariff trade barriers
_zDeveloping countries
_xEconometric models.
651 0 _aDeveloping countries
_xCommercial policy
_xEconometric models.
655 7 _aElectronic books.
_2local
710 2 _aInternational Monetary Fund.
710 2 _aIMF Institute.
710 2 _aebrary, Inc.
830 0 _aIMF working paper ;
_vWP/06/50.
856 4 0 _uhttp://site.ebrary.com/lib/rucke/Doc?id=10380742
_zAn electronic book accessible through the World Wide Web; click to view
999 _c102746
_d102746